000 00562nam a2200181Ia 4500
008 100917s9999 xx 000 0 und d
082 _b60434
100 _aकानिटकर वि. ग.
245 _aविन्स्टन चर्चिल
260 _bअनिरूध्द साहित्य
_c1982
300 _a458
365 _b96
520 _aचरित्र
630 _aविन्स्टन चर्चिल
650 _aचरित्र
730 _aविन्स्टन चर्चिल
942 _cBOOK
999 _c665828
_d665825